000 00766nam a22002177a 4500
003 OSt
005 20240530110418.0
008 150309s2008 ua ao f b 001 0 eng d
020 _a9789774161537
040 _aEG-CaGPL
_cEG-CaGPL
082 0 4 _221
_a916.2
_bCC/L C
100 1 _aLababidi, Lesley Kitchen.
245 1 0 _aLesley Kitchen Lababidi
_bCairo's street stories :
_cExploring the city's statues, squares, bridges, gardens, and sidewalk cafes /
260 _aCairo :
_bThe American University in Egypt,
_cc2008.
300 _ax, 141 p. :
_bcol. ill. ;
_c24 cm.
504 _aIncludes bibliographical references.
650 0 _aCairo (Egypt)
_xGuidebooks.
650 0 _2Cairo (Egypt)
_xDescription and travel
942 _2ddc
_cBK
999 _c60589
_d60589